FC 26 TOTW 16 - Statistics

General Stats
  • This quiz has been taken 4 times
  • The average score is 8 of 23
Answer Stats
rat pos club plaeyr % Correct
TOTW 88 CM Arsenal Martin Ødegaard
100%
TOTW 90 LM Liverpool Florian Wirtz
75%
TOTW 86 CAM Como Nico Paz
75%
TOTW 86 ST Aston Villa Ollie Watkins
75%
TOTW 85 LM Club Brugge Christos Tzolis
50%
TOTW 86 CDM Reading Lewis Wing
50%
TOTW 87 RW Al Hilal Malcom
50%
TOTW 86 CB Inter Milan Manuel Akanji
50%
TOTW 86 GK Burnley Martin Dúbravka
50%
TOTW 85 RM Manchester City Rayan Cherki
50%
TOTW 84 LM Estrela Amadora Jovane Cabral
25%
TOTW 84 LM Brentford Kevin Schade
25%
TOTW 84 CM Parma Oliver Sørensen
25%
TOTW 84 RM Manchester United Patrick Dorgu
25%
TOTW 85 CB Juventus Pierre Kalulu
25%
TOTW 84 ST Cagliari Semih Kılıçsoy
25%
TOTW 84 LB Al-Ettifaq Francisco Calvo
0%
TOTW 84 CM Watford Imran Louza
0%
TOTW 84 CB Gent Maksim Paskotši
0%
TOTW 84 ST Al-Fateh Matías Vargas
0%
TOTW 84 ST Bromley Michael Cheek
0%
TOTW 84 ST Melbourne Victory Nikolaos Vergos
0%
TOTW 86 CAM Estoril Praia Yanis Begraoui
0%
No matching quizzes found
Score Distribution
Percent of People with Each Score
Percentile by Number Answered
Your Score History
You have not taken this quiz